Fisiologia de la sangre (Registro nro. 2980)
[ vista simple ]
| 000 -LEADER | |
|---|---|
| fixed length control field | 00265dam a22001097a 4500 |
| 008 - FIXED-LENGTH DATA ELEMENTS--GENERAL INFORMATION | |
| fixed length control field | 190527e1985 ag ||||| |||| 00| 0 spa d |
| 100 ## - MAIN ENTRY--PERSONAL NAME | |
| Personal name | Murro, Hector |
| 9 (RLIN) | 501 |
| 245 ## - TITLE STATEMENT | |
| Title | Fisiologia de la sangre |
| 250 ## - EDITION STATEMENT | |
| Edition statement | 1a ed. |
| 260 ## - PUBLICATION, DISTRIBUTION, ETC. (IMPRINT) | |
| Place of publication, distribution, etc | Buenos Aires |
| Name of publisher, distributor, etc | CTM |
| Date of publication, distribution, etc | 1985 |
| 500 ## - GENERAL NOTE | |
| General note | Baja |
| Withdrawn status | Lost status | Source of classification or shelving scheme | Damaged status | Use restrictions | Not for loan | Location (home branch) | Sublocation or collection (holding branch) | Date acquired | Koha issues (times borrowed) | Piece designation (barcode) | Koha date last seen | Copy number | Price effective from | Koha item type | Public note |
|---|---|---|---|---|---|---|---|---|---|---|---|---|---|---|---|
| Dewey Decimal Classification | Restricted Access | Not For Loan | Biblioteca Medicina | Biblioteca Medicina | 27/05/2019 | 1100 | 27/05/2019 | Ej. 1 | 27/05/2019 | Libros | Baja |